US-States bordering Colorado - Statistics

General Stats
  • This quiz has been taken 30 times
  • The average score is 6 of 7
Answer Stats
Answer % Correct
Utah
100%
Arizona
93%
Kansas
93%
New Mexico
93%
Wyoming
89%
Oklahoma
86%
Nebraska
79%
No matching quizzes found
Score Distribution
Percent of People with Each Score
Percentile by Number Answered
Your Score History
You have not taken this quiz